Boletín de Información /
Guardat en:
| Autor corporatiu: | |
|---|---|
| Format: | Llibre |
| Idioma: | Spanish |
| Publicat: |
Moscú:
Comité de Solidaridad con los Pueblos de América Latina
|
| Matèries: | |
| Etiquetes: |
Afegir etiqueta
Sense etiquetes, Sigues el primer a etiquetar aquest registre!
|
MARC
| LEADER | 00000nam a22000007a 4500 | ||
|---|---|---|---|
| 003 | cru CIDCACS/IIS | ||
| 005 | 20201120120324.0 | ||
| 008 | 201120n ru |||p|r||||||0| ||spa|d | ||
| 999 | |c 43525 |d 43525 | ||
| 040 | |c CRAI/IIS | ||
| 090 | |a REV0088 | ||
| 110 | 2 | |9 9747 |a Comité de Solidaridad con los Pueblos de América Latina | |
| 245 | 1 | |a Boletín de Información / | |
| 260 | |a Moscú: |b Comité de Solidaridad con los Pueblos de América Latina | ||
| 500 | |a EXISTENCIAS : 1989 (2-4) | ||
| 650 | 0 | |9 83 |a DEMOCRACIA | |
| 650 | 0 | |9 382 |a POLITICA INTERNACIONAL | |
| 651 | 0 | |9 308 |a CENTROAMERICA | |
| 942 | |2 ddc |c PP | ||
